[Event "Excelsior March GM Norm"]
[Site "Toronto CAN"]
[Date "2023.03.13"]
[Round "2.4"]
[White "Nagy, Gabor"]
[Black "Ibarra Chami, Luis Fernando"]
[Result "0-1"]
[WhiteElo "2497"]
[BlackElo "2447"]
[PlyCount "146"]
[EventDate "2023.03.13"]
[EventType "tourn"]
[EventRounds "9"]
[EventCountry "CAN"]

1. d4 d5 2. c4 e6 3. Nc3 a6 4. cxd5 exd5 5. Bf4 Nf6 6. e3 Bd6 7. Bxd6 Qxd6 8.
Bd3 O-O 9. h3 Nc6 10. Nf3 Re8 11. Rc1 Ne7 12. Qc2 g6 13. O-O c6 14. Na4 Bf5 15.
Nc5 Qc7 16. Ne5 Bxd3 17. Qxd3 Nf5 18. Qb3 Re7 19. a4 Kg7 20. Rc2 Ne8 21. Rfc1
f6 22. Nf3 Ned6 23. Nd3 Qd7 24. Nc5 Qe8 25. Qb4 h5 26. Nd3 Ne4 27. Nd2 Ng5 28.
Qc3 Qf7 29. b4 Nd6 30. Qa3 Rd8 31. Nf4 Ne6 32. Ne2 g5 33. Qd3 h4 34. Rb1 Nc7
35. Rc3 Rde8 36. Qc2 Qh5 37. Re1 Ne6 38. f3 f5 39. Qb2 Kg8 40. Qb3 Nf8 41. Kf2
Qf7 42. Nf1 Ng6 43. Nc1 g4 44. Nd3 gxh3 45. gxh3 f4 46. Nc5 Nf5 47. e4 Nxd4 48.
Qd1 Qf6 49. Nh2 Nf5 50. Qd2 Ne3 51. Rg1 b6 52. e5 Qf5 53. Nd3 Re6 54. Ng4 Kh7
55. Ke2 Nxg4 56. Rxg4 Nxe5 57. Rxh4+ Kg7 58. Kd1 Nxd3 59. Rg4+ Kf6 60. Qxd3
Re1+ 61. Kd2 R8e2+ 62. Qxe2 Rxe2+ 63. Kxe2 Qe5+ 64. Kd3 c5 65. bxc5 bxc5 66.
Kc2 Qe2+ 67. Kc1 Ke5 68. Rg1 Kd4 69. Ra3 c4 70. Kb1 c3 71. Ra2 Qd3+ 72. Ka1 c2
73. Rc1 Qc3+ 0-1

[Event "Excelsior March GM Norm"]
[Site "Toronto CAN"]
[Date "2023.03.14"]
[Round "3.1"]
[White "Ibarra Chami, Luis Fernando"]
[Black "Mikhalevski, Victor"]
[Result "1/2-1/2"]
[WhiteElo "2447"]
[BlackElo "2519"]
[PlyCount "97"]
[EventDate "2023.03.13"]
[EventType "tourn"]
[EventRounds "9"]
[EventCountry "CAN"]

1. c4 g6 2. g3 c5 3. Bg2 Bg7 4. Nc3 Nc6 5. Nf3 e6 6. O-O Nge7 7. e3 O-O 8. d4
cxd4 9. Nxd4 d5 10. cxd5 Nxd5 11. Nxd5 exd5 12. Qb3 Nxd4 13. exd4 Be6 14. Qxb7
Bxd4 15. Bh6 Rb8 16. Qc6 Qc8 17. Qxc8 Rfxc8 18. Rad1 Bg7 19. Bxg7 Kxg7 20. Bxd5
Bh3 21. Rfe1 Rxb2 22. Bb3 Rc6 23. Rb1 Rd2 24. Rbd1 Rb2 25. Rb1 Rxb1 26. Rxb1
Rd6 27. Rb2 a5 28. f4 Rd4 29. Rc2 Bd7 30. Rc7 a4 31. Bc4 Rd2 32. Kf1 Be8 33.
Ke1 Rc2 34. Kd1 Rxh2 35. Rc8 Bd7 36. Rc7 Bg4+ 37. Kc1 Bf5 38. Rxf7+ Kh6 39. Kd1
Rc2 40. Rxf5 Rxc4 41. Ra5 Rc3 42. Rxa4 Rxg3 43. Ke2 Kh5 44. Ra5+ Kh4 45. f5
gxf5 46. Rxf5 Ra3 47. Rb5 Rxa2+ 48. Kf3 h5 49. Rc5 1/2-1/2

[Event "Excelsior March GM Norm"]
[Site "Toronto CAN"]
[Date "2023.03.14"]
[Round "3.5"]
[White "Sambuev, Bator"]
[Black "Dukic, Zachary"]
[Result "1-0"]
[WhiteElo "2434"]
[BlackElo "2238"]
[PlyCount "55"]
[EventDate "2023.03.13"]
[EventType "tourn"]
[EventRounds "9"]
[EventCountry "CAN"]

1. d4 Nf6 2. c4 g6 3. Nc3 d5 4. cxd5 Nxd5 5. e4 Nxc3 6. bxc3 Bg7 7. Bc4 c5 8.
Ne2 Nc6 9. Be3 O-O 10. h4 cxd4 11. cxd4 Qa5+ 12. Kf1 Qa3 13. h5 Bg4 14. hxg6
hxg6 15. Rh4 Bxe2+ 16. Bxe2 Rad8 17. d5 e6 18. Rc1 exd5 19. exd5 Qxa2 20. Bc4
Qb2 21. Re4 Na5 22. Be2 b6 23. Bg5 Rd7 24. Re7 Rfd8 25. Rxd7 Rxd7 26. Rc8+ Kh7
27. Qd3 Qa1+ 28. Bc1 1-0

[Event "Excelsior March GM Norm"]
[Site "Toronto CAN"]
[Date "2023.03.14"]
[Round "4.3"]
[White "Posthuma, Joshua"]
[Black "Dukic, Zachary"]
[Result "1-0"]
[WhiteElo "2441"]
[BlackElo "2238"]
[PlyCount "85"]
[EventDate "2023.03.13"]
[EventType "tourn"]
[EventRounds "9"]
[EventCountry "CAN"]

1. Nf3 d5 2. g3 Nd7 3. d4 Nb6 4. Bg2 Bf5 5. Nh4 e6 6. Nxf5 exf5 7. Nd2 c6 8. c4
Bb4 9. cxd5 cxd5 10. O-O Ne7 11. Nb3 Rc8 12. Nc5 O-O 13. Nxb7 Qd7 14. Bd2 Bxd2
15. Nc5 Rxc5 16. dxc5 Nc4 17. b3 Bc3 18. bxc4 Bxa1 19. Qxa1 dxc4 20. Rc1 Rd8
21. Rxc4 Qd1+ 22. Qxd1 Rxd1+ 23. Bf1 Nc6 24. f4 Kf8 25. Kf2 Ke7 26. Bg2 Rd4 27.
Rc3 Kd7 28. Rd3 Rxd3 29. exd3 Nb4 30. Ke3 Nxa2 31. Bd5 Nb4 32. Bxf7 Kc6 33. Kd4
Nc2+ 34. Kc3 Ne3 35. d4 a5 36. Kd3 Nf1 37. Be6 a4 38. Bxf5 a3 39. Kc3 h6 40.
Be4+ Kd7 41. Bd3 Nxh2 42. Be2 h5 43. Kb3 1-0

[Event "Excelsior March GM Norm"]
[Site "Toronto CAN"]
[Date "2023.03.15"]
[Round "5.3"]
[White "Sambuev, Bator"]
[Black "Nagy, Gabor"]
[Result "1/2-1/2"]
[WhiteElo "2434"]
[BlackElo "2497"]
[PlyCount "131"]
[EventDate "2023.03.13"]
[EventType "tourn"]
[EventRounds "9"]
[EventCountry "CAN"]

1. d4 Nf6 2. Nf3 d5 3. e3 a6 4. Bd3 c5 5. c3 Nc6 6. Ne5 e6 7. Nd2 Qc7 8. f4 g6
9. O-O Bg7 10. a3 O-O 11. g4 Ne8 12. g5 Ne7 13. Rf3 Nf5 14. Nf1 Bd7 15. a4 cxd4
16. cxd4 Ned6 17. Bd2 Rfc8 18. Bb4 a5 19. Be1 Be8 20. Rf2 Qd8 21. Ng4 b6 22.
Rc2 Rxc2 23. Qxc2 Rc8 24. Qe2 h6 25. h4 h5 26. Ngh2 Ne4 27. Nf3 Rc7 28. N1d2
Ned6 29. Kg2 Qc8 30. Ne5 Rc1 31. Ra2 Bf8 32. b3 b5 33. Nf1 bxa4 34. bxa4 Qb7
35. Qd2 Rc8 36. Rb2 Qa8 37. Qxa5 Nxh4+ 38. Kf2 Qxa5 39. Bxa5 Bxa4 40. Ng3 Nhf5
41. Nxf5 exf5 42. Bb4 Rb8 43. Ba3 Ne4+ 44. Kg2 Rxb2+ 45. Bxb2 Bb4 46. Bc1 Kf8
47. Ba6 Bb3 48. Bb7 Kg7 49. Bc6 Nd6 50. Nd7 Nc4 51. Kf2 Na5 52. Ba8 Bc4 53. Nb6
Nb3 54. Bb2 Nd2 55. Nxd5 Ne4+ 56. Kf3 Ba5 57. Nf6 Nxf6 58. d5 Bb4 59. gxf6+ Kf8
60. Bc6 Bd3 61. Kg3 Be4 62. Be5 Kg8 63. Bc7 Bc3 64. Bd8 Kh7 65. Be7 Ba5 66. Bb7
1/2-1/2

[Event "Excelsior March GM Norm"]
[Site "Toronto CAN"]
[Date "2023.03.15"]
[Round "5.4"]
[White "Ibarra Chami, Luis Fernando"]
[Black "Posthuma, Joshua"]
[Result "1/2-1/2"]
[WhiteElo "2447"]
[BlackElo "2441"]
[PlyCount "76"]
[EventDate "2023.03.13"]
[EventType "tourn"]
[EventRounds "9"]
[EventCountry "CAN"]

1. d4 Nf6 2. c4 a6 3. Nc3 c5 4. dxc5 e6 5. e4 Nc6 6. Be3 Qa5 7. Qa4 Ng4 8. Qxa5
Nxa5 9. Bd2 Bxc5 10. f3 Bf2+ 11. Ke2 Bxg1 12. Rxg1 Nxh2 13. c5 Nc4 14. Bf4 Nxf1
15. b3 g5 16. Bc7 Nce3 17. Na4 d5 18. Nb6 Bd7 19. Nxa8 Bb5+ 20. Kf2 Kd7 21. Be5
Rxa8 22. a4 Bd3 23. Bd4 g4 24. Bxe3 g3+ 25. Ke1 Nxe3 26. Kd2 Nc2 27. Kxd3 Nxa1
28. Rxa1 Kc6 29. Rh1 dxe4+ 30. fxe4 Kxc5 31. Rxh7 Rf8 32. Kc3 b5 33. axb5 axb5
34. Rh5+ f5 35. Rg5 b4+ 36. Kd3 Rd8+ 37. Ke3 Rf8 38. Kd3 Rd8+ 1/2-1/2

[Event "Excelsior March GM Norm"]
[Site "Toronto CAN"]
[Date "2023.03.15"]
[Round "6.1"]
[White "Nagy, Gabor"]
[Black "Dukic, Zachary"]
[Result "1-0"]
[WhiteElo "2497"]
[BlackElo "2238"]
[PlyCount "65"]
[EventDate "2023.03.13"]
[EventType "tourn"]
[EventRounds "9"]
[EventCountry "CAN"]

1. c4 c5 2. Nf3 Nc6 3. d4 cxd4 4. Nxd4 Nf6 5. Nc3 e6 6. a3 Be7 7. e4 O-O 8. Nf3
Qa5 9. Bd3 d5 10. O-O d4 11. Ne2 e5 12. Bg5 Qc7 13. Rc1 b6 14. Nd2 a5 15. Bxf6
Bxf6 16. c5 bxc5 17. Rxc5 Be7 18. Rc1 Ba6 19. Bxa6 Rxa6 20. Nc4 Bg5 21. Rc2 Qe7
22. Qd3 Qe6 23. g3 f5 24. Nd2 Rb6 25. exf5 Qxf5 26. Ne4 Kh8 27. Nc1 Be7 28. Re1
h6 29. Kg2 Qe6 30. Nd2 Rbb8 31. Qe4 Rbc8 32. Nd3 Bf6 33. Nf4 1-0

[Event "Excelsior March GM Norm"]
[Site "Toronto CAN"]
[Date "2023.03.15"]
[Round "6.2"]
[White "Mikhalevski, Victor"]
[Black "Sambuev, Bator"]
[Result "0-1"]
[WhiteElo "2519"]
[BlackElo "2434"]
[PlyCount "167"]
[EventDate "2023.03.13"]
[EventType "tourn"]
[EventRounds "9"]
[EventCountry "CAN"]

1. Nf3 d5 2. g3 Nf6 3. Bg2 e6 4. O-O Be7 5. c4 O-O 6. b3 a5 7. Bb2 a4 8. bxa4
Nbd7 9. cxd5 exd5 10. Nc3 Nb6 11. Rb1 d4 12. Nb5 c5 13. e3 Nxa4 14. exd4 Be6
15. dxc5 Bc4 16. Bxf6 Bxf6 17. d4 Bxb5 18. Rxb5 Nc3 19. Qd3 Nxb5 20. Qxb5 Bxd4
21. Nxd4 Qxd4 22. Bxb7 Rxa2 23. c6 Rc2 24. Qf5 Rc5 25. Qd7 Qe5 26. Rd1 g6 27.
Qd6 Re8 28. h4 Rc1 29. Qd2 Rxd1+ 30. Qxd1 Qc5 31. Qd2 h5 32. Kg2 Re7 33. Qd1
Kh7 34. Qb3 Qd4 35. Qf3 Kg7 36. Bc8 Qc4 37. Bd7 Re1 38. Kh2 Rc1 39. Be8 Rc3 40.
Qd1 Qc5 41. Kg2 Qe5 42. Bd7 Qe4+ 43. Kg1 Kh7 44. Qf1 Qd4 45. Kh2 Rc2 46. Kg1
Kg7 47. Qg2 Rc1+ 48. Kh2 Qd3 49. Kh3 Kf8 50. Kh2 Ke7 51. Kh3 Kd6 52. Kh2 Kc7
53. g4 Qd6+ 54. Qg3 hxg4 55. Be8 f6 56. Bxg6 Rc3 57. Qxd6+ Kxd6 58. Bf5 Rh3+
59. Kg2 Kxc6 60. Bxg4 Rxh4 61. Kg3 Rh8 62. Kf4 Rg8 63. Bf3+ Kd6 64. Be4 Ke6 65.
Bf5+ Kf7 66. Ke3 Rb8 67. f4 Rb3+ 68. Kf2 Ke7 69. Ke2 Ra3 70. Kf2 Kf7 71. Ke2
Ra5 72. Be4 f5 73. Bc6 Rc5 74. Bb7 Ke6 75. Ke3 Rc4 76. Bh1 Kd6 77. Bb7 Rc7 78.
Bg2 Rg7 79. Kf2 Rh7 80. Bf1 Kd5 81. Bd3 Rh5 82. Ke3 Kc5 83. Kf2 Kd4 84. Ba6 0-1

[Event "Excelsior March GM Norm"]
[Site "Toronto CAN"]
[Date "2023.03.16"]
[Round "7.4"]
[White "Dukic, Zachary"]
[Black "Mikhalevski, Victor"]
[Result "0-1"]
[WhiteElo "2238"]
[BlackElo "2519"]
[PlyCount "112"]
[EventDate "2023.03.13"]
[EventType "tourn"]
[EventRounds "9"]
[EventCountry "CAN"]

1. e4 e5 2. Nf3 Nc6 3. Bb5 a6 4. Ba4 b5 5. Bb3 Na5 6. O-O d6 7. d4 Nxb3 8. axb3
exd4 9. Nxd4 Bb7 10. f3 g6 11. c4 b4 12. Be3 Bg7 13. Nc2 c5 14. Qd3 Bxb2 15.
Ra2 Be5 16. f4 Bg7 17. e5 Bf8 18. Rd1 dxe5 19. Qxd8+ Rxd8 20. Rxd8+ Kxd8 21.
fxe5 Nh6 22. Bg5+ Kc8 23. Ne3 Nf5 24. Rf2 Rg8 25. Nd5 h5 26. Nd2 Bg7 27. Ne7+
Nxe7 28. Bxe7 Bxe5 29. Bxc5 f6 30. Nf3 Bc3 31. Re2 Rd8 32. Kf2 Kd7 33. Re7+ Kc6
34. Be3 a5 35. Bf4 g5 36. Rc7+ Kb6 37. c5+ Ka6 38. Be3 g4 39. c6 Ba8 40. Ra7+
Kb5 41. c7 Rc8 42. Nd4+ Bxd4 43. Bxd4 Bd5 44. Bxf6 Bxb3 45. Rb7+ Ka6 46. Rb8
Rxc7 47. Bd8 Rc2+ 48. Kg3 Bd5 49. Rb6+ Ka7 50. Rb5 Rxg2+ 51. Kf4 Bc4 52. Rxa5+
Kb7 53. Rxh5 b3 54. Rh6 b2 55. Rb6+ Ka7 56. Ke3 Ba2 0-1

[Event "Excelsior March GM Norm"]
[Site "Toronto CAN"]
[Date "2023.03.16"]
[Round "8.3"]
[White "Posthuma, Joshua"]
[Black "Nagy, Gabor"]
[Result "1-0"]
[WhiteElo "2441"]
[BlackElo "2497"]
[PlyCount "85"]
[EventDate "2023.03.13"]
[EventType "tourn"]
[EventRounds "9"]
[EventCountry "CAN"]

1. d4 d5 2. c4 e6 3. Nf3 a6 4. Nbd2 Nf6 5. g3 c5 6. Bg2 Nc6 7. O-O cxd4 8. cxd5
Nxd5 9. Nb3 Be7 10. Nbxd4 Nxd4 11. Nxd4 O-O 12. e4 Nb6 13. b3 a5 14. Be3 a4 15.
Nb5 Nd7 16. Rc1 b6 17. e5 Ra5 18. Nd6 Ba6 19. b4 Rxe5 20. b5 Rxb5 21. Nxb5 Bxb5
22. Re1 Bb4 23. Qh5 Bc5 24. Red1 g6 25. Qh6 Qe7 26. Bxc5 Nxc5 27. Rd4 Rd8 28.
Rcd1 Rxd4 29. Rxd4 Qf6 30. Qd2 Kg7 31. h4 Qe5 32. Rd6 a3 33. Rxb6 Na4 34. Rb7
Nc3 35. Kh2 h6 36. Qd8 Qf6 37. Qa5 Ba4 38. Qb4 Be8 39. Rb8 Nd5 40. Qxa3 Qxf2
41. Rxe8 Ne3 42. Qc3+ e5 43. Qxe5+ 1-0

[Event "Excelsior March GM Norm"]
[Site "Toronto CAN"]
[Date "2023.03.16"]
[Round "8.4"]
[White "Ibarra Chami, Luis Fernando"]
[Black "Sambuev, Bator"]
[Result "1-0"]
[WhiteElo "2447"]
[BlackElo "2434"]
[PlyCount "97"]
[EventDate "2023.03.13"]
[EventType "tourn"]
[EventRounds "9"]
[EventCountry "CAN"]

1. d4 Nf6 2. c4 e6 3. Nf3 d5 4. g3 c6 5. Qc2 dxc4 6. Qxc4 b5 7. Qc2 Bb7 8. Bg2
Nbd7 9. Nc3 c5 10. dxc5 Bxc5 11. O-O Rc8 12. Qd3 a6 13. a3 Qe7 14. b4 Bb6 15.
Bf4 e5 16. Nh4 e4 17. Qd2 Qe6 18. a4 bxa4 19. Nxa4 h6 20. Nxb6 Nxb6 21. Qd6 g5
22. Nf5 Qxf5 23. Qxb6 gxf4 24. Qxb7 O-O 25. Ra5 Qg6 26. Rxa6 Rc2 27. Qe7 Kg7
28. Bxe4 Qxe4 29. Qxf6+ Kg8 30. Qxh6 f6 31. Rxf6 Rxf6 32. Qxf6 Rxe2 33. Rd1
Re1+ 34. Rxe1 Qxe1+ 35. Kg2 Qe4+ 36. Kh3 fxg3 37. hxg3 Qh1+ 38. Kg4 Qe4+ 39.
Qf4 Qe2+ 40. Kh4 Qf1 41. b5 Qh1+ 42. Kg4 Qd1+ 43. Qf3 Qd7+ 44. Qf5 Qd4+ 45. Kf3
Qb6 46. Qd5+ Kh8 47. Qc6 Qd4 48. Qh6+ Kg8 49. Qg5+ 1-0

[Event "Excelsior March GM Norm"]
[Site "Toronto CAN"]
[Date "2023.03.17"]
[Round "9.2"]
[White "Dukic, Zachary"]
[Black "Ibarra Chami, Luis Fernando"]
[Result "0-1"]
[WhiteElo "2238"]
[BlackElo "2447"]
[PlyCount "72"]
[EventDate "2023.03.13"]
[EventType "tourn"]
[EventRounds "9"]
[EventCountry "CAN"]

1. e4 c5 2. Nf3 Nc6 3. d4 cxd4 4. Nxd4 Nf6 5. Nc3 e5 6. Ndb5 d6 7. Nd5 Nxd5 8.
exd5 Nb8 9. a4 Be7 10. Bd2 O-O 11. Be2 Bf5 12. a5 Be4 13. Be3 Bxg2 14. Rg1 Be4
15. Nxa7 Nd7 16. a6 Qb8 17. Ra4 Nf6 18. Rb4 Bxd5 19. Bh6 g6 20. Bg5 Qxa7 21.
Bxf6 Bxf6 22. Qxd5 bxa6 23. Rb7 Qd4 24. Qxd4 exd4 25. Kd2 Be5 26. h4 Bf4+ 27.
Kd3 Rfb8 28. Rxb8+ Rxb8 29. b3 Rc8 30. Bd1 Be5 31. h5 Kg7 32. Ke4 Rc3 33. hxg6
hxg6 34. f4 f5+ 35. Kd5 Bxf4 36. Rf1 Be5 0-1

[Event "Excelsior March Rapid"]
[Site "Toronto CAN"]
[Date "2023.03.18"]
[Round "1.1"]
[White "Oancea, Nicolae"]
[Black "Mikhalevski, Victor"]
[Result "1/2-1/2"]
[WhiteElo "1989"]
[BlackElo "2609"]
[PlyCount "107"]
[EventDate "2023.03.18"]
[EventType "swiss (rapid)"]
[EventRounds "5"]
[EventCountry "CAN"]

1. e4 e5 2. Nf3 Nc6 3. d4 exd4 4. Nxd4 Nf6 5. f3 d5 6. Bb5 Bd7 7. Nxc6 bxc6 8.
Bd3 dxe4 9. fxe4 Bc5 10. Nc3 Ng4 11. Qf3 Bf2+ 12. Kf1 Bd4 13. Ne2 Bc5 14. Qg3
Qf6+ 15. Qf4 Nf2 16. Qxf6 gxf6 17. Ng3 Nxh1 18. Nxh1 h5 19. h3 O-O-O 20. Ng3
Rdg8 21. Nf5 Bxf5 22. exf5 Re8 23. a4 Re7 24. Bd2 Bd4 25. Bc3 Bxc3 26. bxc3 Re5
27. Kf2 h4 28. a5 Kd7 29. a6 Rb8 30. Ra4 Rh8 31. Rb4 c5 32. Rb7 Kc6 33. Kf3
Rhe8 34. Bb5+ Kd6 35. Bxe8 Rxe8 36. Rxa7 Re1 37. Ra8 Kc6 38. Rd8 Ra1 39. Kg4
Ra4+ 40. Kh5 Kb6 41. Rd7 Rf4 42. a7 Kxa7 43. Rxc7+ Kb6 44. Rxf7 Rxf5+ 45. Kxh4
Kb5 46. Rg7 Rf2 47. Rg3 Kc4 48. Kg4 f5+ 49. Kg5 f4 50. Rg4 Kxc3 51. h4 f3 52.
gxf3 Rxf3 53. h5 Rf8 54. Rh4 1/2-1/2

[Event "Excelsior March Rapid"]
[Site "Toronto CAN"]
[Date "2023.03.18"]
[Round "1.2"]
[White "Nagy, Gabor"]
[Black "Abbas, Sahir"]
[Result "1-0"]
[WhiteElo "2597"]
[BlackElo "1962"]
[PlyCount "81"]
[EventDate "2023.03.18"]
[EventType "swiss (rapid)"]
[EventRounds "5"]
[EventCountry "CAN"]

1. d4 Nf6 2. Nc3 d5 3. Bf4 e6 4. Nb5 Na6 5. e3 Be7 6. h3 Bd7 7. Nf3 O-O 8. Be2
c6 9. Nc3 c5 10. O-O Nc7 11. Ne5 a6 12. Bf3 b5 13. dxc5 Bxc5 14. a4 b4 15. Ne2
a5 16. Nd4 Ra6 17. Qd3 Bd6 18. Rfd1 Qe7 19. b3 Rfa8 20. Rac1 Bxe5 21. Bxe5 Bc8
22. c4 Bb7 23. Bxc7 Qxc7 24. cxd5 Qe7 25. dxe6 Bxf3 26. exf7+ Qxf7 27. Nxf3
R6a7 28. Ng5 Qe7 29. Rc6 h6 30. Qc4+ Kh8 31. Rc8+ Rxc8 32. Qxc8+ Ng8 33. Rd8
hxg5 34. Rxg8+ Kh7 35. Rh8+ Kg6 36. Qc2+ Kf7 37. Qf5+ Qf6 38. Qd5+ Kg6 39. g4
Rc7 40. Qe4+ Kf7 41. Qe8# 1-0

[Event "Excelsior March Rapid"]
[Site "Toronto CAN"]
[Date "2023.03.18"]
[Round "1.4"]
[White "Ibarra Chami, Luis Fernando"]
[Black "Joseph, Jonath"]
[Result "1-0"]
[WhiteElo "2560"]
[BlackElo "1936"]
[PlyCount "112"]
[EventDate "2023.03.18"]
[EventType "swiss (rapid)"]
[EventRounds "5"]
[EventCountry "CAN"]

1. d4 d5 2. Nf3 Nf6 3. Bf4 c5 4. e3 Nc6 5. Nbd2 Bf5 6. dxc5 e6 7. Nd4 Bg6 8.
Nxc6 bxc6 9. b4 d4 10. Nc4 dxe3 11. Nxe3 Nd5 12. Nxd5 Qxd5 13. Qxd5 exd5 14.
Kd2 Be7 15. Ba6 Kd7 16. Be5 Bf6 17. Bxf6 gxf6 18. Rae1 Rab8 19. a3 Bf5 20. c4
dxc4 21. Bxc4 Be6 22. Kc3 Rhd8 23. Re3 Re8 24. Rd1+ Kc7 25. Rde1 Kd7 26. f4 f5
27. Bd3 a5 28. Rh3 axb4+ 29. axb4 Ra8 30. Rxe6 fxe6 31. Rxh7+ Re7 32. Rh3 Rg7
33. g3 Ra3+ 34. Kd4 Kc7 35. Bc4 Rd7+ 36. Ke5 Re3+ 37. Kf6 Rd8 38. Bxe6 Rf8+ 39.
Ke7 Rb8 40. Rh7 Rxb4 41. Kf6+ Kb8 42. Rh5 Rb2 43. Bxf5 Rd2 44. Be6 Rc2 45. g4
Re4 46. Kf5 Rd4 47. Ke5 Rdd2 48. Kf6 Rd4 49. Ke5 Rdd2 50. f5 Rxc5+ 51. Kf6 Rd8
52. g5 Ra5 53. Rh7 Rf8+ 54. Rf7 Re8 55. g6 Ra6 56. g7 Ra7 1-0

[Event "Excelsior March Rapid"]
[Site "Toronto CAN"]
[Date "2023.03.18"]
[Round "1.5"]
[White "Pottinger, Carl"]
[Black "Sambuev, Bator"]
[Result "0-1"]
[WhiteElo "1816"]
[BlackElo "2503"]
[PlyCount "106"]
[EventDate "2023.03.18"]
[EventType "swiss (rapid)"]
[EventRounds "5"]
[EventCountry "CAN"]

1. c4 e5 2. g3 Nc6 3. Bg2 g6 4. d3 Bg7 5. Nc3 Nge7 6. e4 d6 7. Nge2 O-O 8. O-O
f5 9. f4 fxe4 10. dxe4 exf4 11. Bxf4 h6 12. Qd2 g5 13. Be3 Ne5 14. Rxf8+ Qxf8
15. Rf1 Qd8 16. b3 Bg4 17. h3 Bxe2 18. Qxe2 c6 19. Qd2 Qc7 20. Kh2 Nf7 21. Bd4
Be5 22. Bxe5 Nxe5 23. Rf6 Kg7 24. Qxd6 Qxd6 25. Rxd6 N7g6 26. Nd1 Rf8 27. Rd2
Kf7 28. Rf2+ Ke6 29. Rxf8 Nxf8 30. Ne3 Nfd7 31. h4 g4 32. Nf5 Nf7 33. Kg1 Nc5
34. b4 Nd3 35. a3 Ke5 36. Kf1 Nb2 37. c5 Nc4 38. a4 Nb2 39. b5 Nxa4 40. bxc6
bxc6 41. Ne7 Nd8 42. Nf5 h5 43. Ng7 Nxc5 44. Nxh5 Nde6 45. Ke2 a5 46. Ke3 a4
47. Bf1 Nxe4 48. Bc4 Nd4 49. Nf4 Nf5+ 50. Kd3 Nexg3 51. Ng6+ Kf6 52. Nf4 Nd6
53. Ba2 Ke5 0-1

[Event "Excelsior March Rapid"]
[Site "Toronto CAN"]
[Date "2023.03.18"]
[Round "2.1"]
[White "Mao, Fengxi"]
[Black "Nagy, Gabor"]
[Result "0-1"]
[WhiteElo "2252"]
[BlackElo "2597"]
[PlyCount "58"]
[EventDate "2023.03.18"]
[EventType "swiss (rapid)"]
[EventRounds "5"]
[EventCountry "CAN"]

1. b3 c5 2. Bb2 Nc6 3. c4 d6 4. Nc3 e5 5. g3 f5 6. Bg2 Nf6 7. e3 Be6 8. Nge2 d5
9. cxd5 Nxd5 10. O-O Be7 11. Rc1 O-O 12. Na4 Ndb4 13. Nxc5 Bd5 14. a3 Bxg2 15.
Kxg2 Bxc5 16. axb4 Bb6 17. d4 Qd5+ 18. Kg1 exd4 19. exd4 Rad8 20. Nf4 Qf7 21.
d5 Nxb4 22. Ba3 Nxd5 23. Bxf8 Nxf4 24. Bd6 Nh3+ 25. Kg2 Nxf2 26. Rxf2 Bxf2 27.
Kxf2 Qe6 28. Rc7 Rxd6 29. Qc2 Rc6 0-1

[Event "Excelsior March Rapid"]
[Site "Toronto CAN"]
[Date "2023.03.18"]
[Round "2.3"]
[White "Ramakrishnan, Muthukumaran"]
[Black "Ibarra Chami, Luis Fernando"]
[Result "0-1"]
[WhiteElo "2250"]
[BlackElo "2560"]
[PlyCount "72"]
[EventDate "2023.03.18"]
[EventType "swiss (rapid)"]
[EventRounds "5"]
[EventCountry "CAN"]

1. d4 d5 2. c4 e6 3. Nc3 Bb4 4. Nf3 Nf6 5. a3 Bxc3+ 6. bxc3 c5 7. Qb3 Qa5 8.
Qb5+ Nc6 9. Qxa5 Nxa5 10. cxd5 exd5 11. Rb1 c4 12. Bg5 b6 13. Bxf6 gxf6 14. Nh4
Be6 15. f4 Ke7 16. g3 f5 17. Bh3 Kf6 18. Nf3 Nb7 19. Ne5 Nd6 20. Bg2 Rhc8 21.
Kd2 Rab8 22. Rb2 Ke7 23. Rhb1 Ne4+ 24. Kc2 f6 25. Nf3 Bd7 26. Rb4 a5 27. Rxb6
Ba4+ 28. Kc1 Rxb6 29. Rxb6 Nxc3 30. e3 Ne2+ 31. Kb1 c3 32. Rb7+ Kd6 33. Ne1 c2+
34. Nxc2 Rxc2 35. Rb2 Rc1+ 36. Ka2 Nc3# 0-1

[Event "Excelsior March Rapid"]
[Site "Toronto CAN"]
[Date "2023.03.18"]
[Round "2.4"]
[White "Sambuev, Bator"]
[Black "Gao, Raymond"]
[Result "1-0"]
[WhiteElo "2503"]
[BlackElo "2250"]
[PlyCount "59"]
[EventDate "2023.03.18"]
[EventType "swiss (rapid)"]
[EventRounds "5"]
[EventCountry "CAN"]

1. d4 Nf6 2. c4 c5 3. e3 e6 4. Nc3 d5 5. Nf3 Nc6 6. a3 cxd4 7. exd4 Be7 8. c5
Ne4 9. Qc2 Nxc3 10. Qxc3 O-O 11. Bb5 Bf6 12. O-O Bd7 13. Bxc6 Bxc6 14. Bf4 g5
15. Nxg5 Bxg5 16. Qg3 h6 17. h4 f6 18. hxg5 hxg5 19. Bd6 Rf7 20. f4 Rg7 21.
fxg5 Rxg5 22. Qh4 Kg7 23. Rf3 Qg8 24. Raf1 Qh7 25. Qxh7+ Kxh7 26. Rxf6 Rag8 27.
g3 R5g6 28. R6f2 Bb5 29. Rh2+ Rh6 30. Rf7+ 1-0

[Event "Excelsior March Rapid"]
[Site "Toronto CAN"]
[Date "2023.03.18"]
[Round "2.7"]
[White "Jaferian, Koosha"]
[Black "Abrahams, Daniel"]
[Result "1-0"]
[WhiteElo "2392"]
[BlackElo "2227"]
[PlyCount "79"]
[EventDate "2023.03.18"]
[EventType "swiss (rapid)"]
[EventRounds "5"]
[EventCountry "CAN"]

1. e4 c5 2. Nc3 e6 3. f4 a6 4. d3 b5 5. g3 Bb7 6. Bg2 d6 7. Nh3 Nd7 8. O-O Qc7
9. Be3 Ngf6 10. f5 exf5 11. Rxf5 g6 12. Rf2 Bg7 13. Nf4 O-O 14. Qe2 Ne5 15. h3
Rae8 16. Raf1 b4 17. Nb1 d5 18. exd5 Ned7 19. Nd2 Nb6 20. d6 Qd7 21. Bxb7 Qxb7
22. Qf3 Qc8 23. Kh2 Re5 24. d4 Rxe3 25. Qxe3 cxd4 26. Qd3 Qc6 27. Ne2 Qxd6 28.
Rxf6 Bxf6 29. Ne4 Qe5 30. Nxf6+ Kg7 31. Ng4 Qd5 32. Qxd4+ Qxd4 33. Nxd4 Rc8 34.
Ne5 f6 35. Ne6+ Kg8 36. Rxf6 Nd5 37. Rf2 Re8 38. Rd2 Nf6 39. Rd6 a5 40. Rd8 1-0

[Event "Excelsior March Rapid"]
[Site "Toronto CAN"]
[Date "2023.03.18"]
[Round "3.1"]
[White "Nagy, Gabor"]
[Black "Jaferian, Koosha"]
[Result "1-0"]
[WhiteElo "2597"]
[BlackElo "2392"]
[PlyCount "61"]
[EventDate "2023.03.18"]
[EventType "swiss (rapid)"]
[EventRounds "5"]
[EventCountry "CAN"]

1. d4 Nf6 2. Nc3 d5 3. Bf4 c5 4. e3 cxd4 5. exd4 a6 6. Nf3 Nc6 7. Ne5 Bd7 8. g4
h6 9. h4 e6 10. Rh3 Qb6 11. Rd3 Bb4 12. a3 Bxc3+ 13. bxc3 Nxe5 14. Bxe5 Bb5 15.
Rb1 Qd8 16. Re3 Bxf1 17. Kxf1 b5 18. Kg2 Nd7 19. Bxg7 Rg8 20. Be5 Qxh4 21. Rg3
Nxe5 22. dxe5 Rc8 23. Rb4 Qe7 24. a4 Rc5 25. Qd3 Qb7 26. Qh7 Rg6 27. Rf4 Rc4
28. Qh8+ Ke7 29. Rxf7+ Kxf7 30. Rf3+ Ke7 31. Qh7+ 1-0

[Event "Excelsior March Rapid"]
[Site "Toronto CAN"]
[Date "2023.03.18"]
[Round "3.3"]
[White "Ibarra Chami, Luis Fernando"]
[Black "Dukic, Zachary"]
[Result "1/2-1/2"]
[WhiteElo "2560"]
[BlackElo "2373"]
[PlyCount "102"]
[EventDate "2023.03.18"]
[EventType "swiss (rapid)"]
[EventRounds "5"]
[EventCountry "CAN"]

1. c4 c5 2. Nf3 Nc6 3. Nc3 g6 4. g3 Bg7 5. Bg2 d6 6. O-O Rb8 7. d3 a6 8. a4 e6
9. Bf4 Nge7 10. Ne4 e5 11. Bg5 h6 12. Bf6 O-O 13. Ne1 Bxf6 14. Nxf6+ Kg7 15.
Nd5 b5 16. axb5 axb5 17. b3 bxc4 18. bxc4 Nb4 19. Nxb4 Rxb4 20. Nc2 Rb2 21. Qc1
Qb6 22. Rb1 Rb3 23. Rxb3 Qxb3 24. Qb1 Qa4 25. Qb2 Be6 26. Ra1 Qd7 27. Ra6 Rc8
28. Qb6 d5 29. Ra7 Qc6 30. Qb2 Qd6 31. f4 dxc4 32. fxe5 Qd8 33. dxc4 Rb8 34.
Qc3 Rb1+ 35. Kf2 Nf5 36. Bd5 Qb8 37. Ra8 Qb2 38. Qxb2 Rxb2 39. Ne3 Nd4 40. Bf3
g5 41. Ra5 g4 42. Nxg4 Bxc4 43. Rxc5 Bxe2 44. Bxe2 Rxe2+ 45. Kf1 h5 46. Nf2 Re3
47. e6 f5 48. Rd5 Nf3 49. h4 Kf6 50. Nh3 Nxh4 51. Nf4 Ng6 1/2-1/2